| 000 | 00740nam a2200157Ia 4500 | ||
|---|---|---|---|
| 008 | 100122s9999 xx 000 0 und d | ||
| 082 |
_b44372 _a81 |
||
| 100 | _aअत्रे प्रल्हाद केशव | ||
| 245 | _aक्रांतिकारकांचे कुलपुरूष सावरकर ( क.क्र.26/4 ) | ||
| 260 |
_bपरचुरे प्रक ाशन _c1983 |
||
| 300 | _a78 | ||
| 630 | _aक्रांतिकारकांचे कुलपुरूष सावरकर ( क.क्र.26/4 ) | ||
| 700 | _aमालशे स गं | ||
| 730 | _aक्रांतिकारकांचे कुलपुरूष सावरकर ( क.क्र.26/4 ) | ||
| 942 | _cBOOK | ||
| 999 |
_c424150 _d424147 |
||